00506 2200181 4500001002100000005001700021008004100038020001800079035002900097090001600126100001700142245006700159250001000226260003600236300002000272650000800292990002400300INLIS00000000002231620140326151808.0  a979-730-074-9 a##a0010-031400000000138 a155.2 Tim l aTim Psikolog aLatihan PsikotesbPersiapan Masuk STT Telkom dan Calon Pegawai aCet 1 aBandungbCV Pustaka Setiac2003 a172 hlm ; 17 cm aTes a30382/pusdacil/2014